[Event "AUT-ch Internet"]
[Site "Wilhelm-Steinitz-Stadion"]
[Date "2020.10.04"]
[Round "8"]
[White "Tannika"]
[Black "DoHoChess"]
[Result "1-0"]
[WhiteElo "2121"]
[BlackElo "2310"]
[PlyCount "59"]
[EventDate "2020.10.04"]
[EventType "blitz"]

1. d4 {[%emt 0:00:03]} d5 {[%emt 0:00:01]} 2. Nc3 {[%emt 0:00:01]} e6 {[%emt 0:00:03]} 3. e4 {[%emt 0:00:02]} Bb4 {[%emt 0:00:02]} 4. e5 {[%emt 0:00:02]} Ne7 {[%emt 0:00:02]} 5. a3 {[%emt 0:00:03]} Bxc3+ {[%emt 0:00:01]} 6. bxc3 {[%emt 0:00:01]} c5 {[%emt 0:00:00]} 7. Qg4 {[%emt 0:00:01]} Qc7 {[%emt 0:00:02]} 8. Qxg7 {[%emt 0:00:01]} Rg8 {[%emt 0:00:01]} 9. Qxh7 {[%emt 0:00:00]} cxd4 {[%emt 0:00:01]} 10. Ne2 {[%emt 0:00:01]} dxc3 {[%emt 0:00:06]} 11. f4 {[%emt 0:00:02]} Nbc6 {[%emt 0:00:03]} 12. Qd3 {[%emt 0:00:01]} Bd7 {[%emt 0:00:12]} 13. h4 {[%emt 0:00:02]} O-O-O {[%emt 0:00:05]} 14. h5 {[%emt 0:00:01]} Kb8 {[%emt 0:00:15]} 15. Rb1 {[%emt 0:00:02]} b6 {[%emt 0:00:03]} 16. Nxc3 {[%emt 0:00:09]} Nf5 {[%emt 0:00:05]} 17. Nb5 {[%emt 0:00:09]} Nxe5 {[%emt 0:00:25]} 18. Nxc7 {[%emt 0:00:35]} Nxd3+ {[%emt 0:00:01]} 19. Bxd3 {[%emt 0:00:02]} Kxc7 {[%emt 0:00:00]} 20. Bxf5 {[%emt 0:00:07]} exf5 {[%emt 0:00:02]} 21. Kf2 {[%emt 0:00:24]} d4 {[%emt 0:00:07]} 22. h6 {[%emt 0:00:08]} Bc6 {[%emt 0:00:01]} 23. Rh2 {[%emt 0:00:02]} Rg6 {[%emt 0:00:19]} 24. h7 {[%emt 0:00:09]} Rh8 {[%emt 0:00:12]} 25. Bb2 {[%emt 0:00:02]} Rg7 {[%emt 0:00:26]} 26. Rbh1 {[%emt 0:00:02]} f6 {[%emt 0:00:06]} 27. Bxd4 {[%emt 0:00:02]} Rf7 {[%emt 0:00:01]} 28. Rh6 {[%emt 0:00:04]} Rd7 {[%emt 0:00:07]} 29. Bxf6 {[%emt 0:00:16]} Rd2+ {[%emt 0:00:02]} 30. Ke3 {[%emt 0:00:02] DoHoChess gibt auf (Lag: Av=0.58s, max=1.1s)} 1-0

[Event "AUT-ch Internet"]
[Site "Wilhelm-Steinitz-Stadion"]
[Date "2020.10.04"]
[Round "8"]
[White "Lukas Breneis"]
[Black "Shengel"]
[Result "1-0"]
[WhiteElo "2100"]
[BlackElo "2378"]
[PlyCount "89"]
[EventDate "2020.10.04"]
[EventType "blitz"]

1. e4 {[%emt 0:00:02]} c5 {[%emt 0:00:03]} 2. Nf3 {[%emt 0:00:01]} Nc6 {[%emt 0:00:01]} 3. d4 {[%emt 0:00:03]} cxd4 {[%emt 0:00:02]} 4. Nxd4 {[%emt 0:00:00]} Nf6 {[%emt 0:00:02]} 5. Nc3 {[%emt 0:00:02]} d6 {[%emt 0:00:01]} 6. Bg5 {[%emt 0:00:03]} e6 {[%emt 0:00:02]} 7. Nb3 {[%emt 0:00:17]} h6 {[%emt 0:00:05]} 8. Bh4 {[%emt 0:00:05]} Be7 {[%emt 0:00:03]} 9. Be2 {[%emt 0:00:27]} a6 {[%emt 0:00:03]} 10. a4 {[%emt 0:00:13]} b6 {[%emt 0:00:14]} 11. O-O {[%emt 0:00:12]} Bb7 {[%emt 0:00:01]} 12. f4 {[%emt 0:00:14]} O-O {[%emt 0:00:30]} 13. Bf3 {[%emt 0:00:09]} Qc7 {[%emt 0:00:08]} 14. Qe1 {[%emt 0:00:15]} Rfd8 {[%emt 0:00:08]} 15. Rd1 {[%emt 0:00:16]} Rac8 {[%emt 0:00:03]} 16. Kh1 {[%emt 0:00:05]} Nb4 {[%emt 0:00:05]} 17. Rd2 {[%emt 0:00:06]} d5 {[%emt 0:00:30]} 18. e5 {[%emt 0:00:07]} Ne4 {[%emt 0:00:02]} 19. Bxe4 {[%emt 0:00:16]} Bxh4 {[%emt 0:00:05]} 20. Qxh4 {[%emt 0:00:02]} dxe4 {[%emt 0:00:01]} 21. Re2 {[%emt 0:00:20]} e3 {[%emt 0:00:08]} 22. Rxe3 {[%emt 0:00:05]} Nxc2 {[%emt 0:00:06]} 23. Rg3 {[%emt 0:00:01]} Kf8 {[%emt 0:00:06]} 24. Nc1 {[%emt 0:00:20]} Nd4 {[%emt 0:00:05]} 25. N1e2 {[%emt 0:00:03]} Nf5 {[%emt 0:00:01]} 26. Qg4 {[%emt 0:00:02]} Nxg3+ {[%emt 0:00:01]} 27. Nxg3 {[%emt 0:00:01]} Qc4 {[%emt 0:00:03]} 28. h4 {[%emt 0:00:03]} Rd2 {[%emt 0:00:21]} 29. Rg1 {[%emt 0:00:03]} Rxb2 {[%emt 0:00:13]} 30. Nd1 {[%emt 0:00:03]} Rb1 {[%emt 0:00:06]} 31. Nh5 {[%emt 0:00:02]} g6 {[%emt 0:00:02]} 32. Nf6 {[%emt 0:00:01]} Qc2 {[%emt 0:00:09]} 33. h5 {[%emt 0:00:02]} Qf5 {[%emt 0:00:06]} 34. Qe2 {[%emt 0:00:04]} Rc2 {[%emt 0:00:04]} 35. Qe3 {[%emt 0:00:02]} Re2 {[%emt 0:00:10]} 36. Qc3 {[%emt 0:00:01]} Rc1 {[%emt 0:00:09]} 37. Qa3+ {[%emt 0:00:01]} Kg7 {[%emt 0:00:04]} 38. Ne8+ {[%emt 0:00:01]} Kh7 {[%emt 0:00:06]} 39. Nf6+ {[%emt 0:00:00]} Qxf6 {[%emt 0:00:06]} 40. exf6 {[%emt 0:00:01]} gxh5 {[%emt 0:00:02]} 41. Qd3+ {[%emt 0:00:02]} Re4 {[%emt 0:00:04]} 42. Nf2 {[%emt 0:00:01]} Rcc4 {[%emt 0:00:01]} 43. Nxe4 {[%emt 0:00:01]} Rxe4 {[%emt 0:00:01]} 44. Re1 {[%emt 0:00:01]} Kg6 {[%emt 0:00:03]} 45. Rxe4 {[%emt 0:00:00] Shengel gibt auf (Lag: Av=0.92s, max=1.6s)} 1-0

[Event "AUT-ch Internet"]
[Site "Wilhelm-Steinitz-Stadion"]
[Date "2020.10.04"]
[Round "9"]
[White "Stefan Kindermann"]
[Black "Sackbauer"]
[Result "1-0"]
[WhiteElo "2388"]
[BlackElo "2419"]
[PlyCount "113"]
[EventDate "2020.10.04"]
[EventType "blitz"]

1. d4 {[%emt 0:00:02]} Nf6 {[%emt 0:00:01]} 2. Nf3 {[%emt 0:00:01]} g6 {[%emt 0:00:01]} 3. g3 {[%emt 0:00:01]} Bg7 {[%emt 0:00:01]} 4. Bg2 {[%emt 0:00:01]} O-O {[%emt 0:00:00]} 5. O-O {[%emt 0:00:01]} d5 {[%emt 0:00:01]} 6. c4 {[%emt 0:00:02]} c6 {[%emt 0:00:01]} 7. b3 {[%emt 0:00:01]} a5 {[%emt 0:00:10]} 8. cxd5 {[%emt 0:00:15]} cxd5 {[%emt 0:00:05]} 9. Nc3 {[%emt 0:00:02]} Nc6 {[%emt 0:00:07]} 10. Ne5 {[%emt 0:00:08]} Bf5 {[%emt 0:00:34] Sackbauer reconnected.} 11. Nxc6 {[%emt 0:00:07]} bxc6 {[%emt 0:00:00]} 12. Na4 {[%emt 0:00:06]} Re8 {[%emt 0:00:07]} 13. Bf4 {[%emt 0:00:04]} Nd7 {[%emt 0:00:11]} 14. Rc1 {[%emt 0:00:04]} Rc8 {[%emt 0:00:02]} 15. Nc5 {[%emt 0:00:09]} e5 {[%emt 0:00:16]} 16. dxe5 {[%emt 0:00:16]} Bxe5 {[%emt 0:00:12]} 17. Bxe5 {[%emt 0:00:06]} Rxe5 {[%emt 0:00:01]} 18. e3 {[%emt 0:00:07]} Qb6 {[%emt 0:00:27]} 19. Qd4 {[%emt 0:00:07]} Re7 {[%emt 0:00:27] Sackbauer reconnected.} 20. Rc3 {[%emt 0:00:18]} Nxc5 {[%emt 0:00:11]} 21. Rxc5 {[%emt 0:00:05]} Rb8 {[%emt 0:00:24]} 22. Rfc1 {[%emt 0:00:03]} Bd7 {[%emt 0:00:02]} 23. h4 {[%emt 0:00:09]} h5 {[%emt 0:00:03] Sackbauer bietet Remis} 24. e4 {[%emt 0:00:19]} dxe4 {[%emt 0:00:12]} 25. Bxe4 {[%emt 0:00:01]} Qb4 {[%emt 0:00:01]} 26. Qxb4 {[%emt 0:00:03]} axb4 {[%emt 0:00:04]} 27. Bxc6 {[%emt 0:00:01]} Bxc6 {[%emt 0:00:04]} 28. Rxc6 {[%emt 0:00:01]} Ra7 {[%emt 0:00:00]} 29. Rc8+ {[%emt 0:00:02]} Rxc8 {[%emt 0:00:01]} 30. Rxc8+ {[%emt 0:00:01]} Kg7 {[%emt 0:00:00]} 31. Rb8 {[%emt 0:00:01]} Rxa2 {[%emt 0:00:02]} 32. Rxb4 {[%emt 0:00:01]} Rb2 {[%emt 0:00:01]} 33. Rb7 {[%emt 0:00:04]} Kf6 {[%emt 0:00:01]} 34. Kg2 {[%emt 0:00:01]} Ke6 {[%emt 0:00:07]} 35. Kf3 {[%emt 0:00:02]} Kf6 {[%emt 0:00:01]} 36. Ke3 {[%emt 0:00:01]} Ke6 {[%emt 0:00:01]} 37. Rb6+ {[%emt 0:00:04]} Ke5 {[%emt 0:00:04]} 38. f4+ {[%emt 0:00:03]} Kf5 {[%emt 0:00:02]} 39. Kf3 {[%emt 0:00:05]} Rb1 {[%emt 0:00:02]} 40. Rb5+ {[%emt 0:00:01]} Ke6 {[%emt 0:00:02]} 41. Re5+ {[%emt 0:00:09]} Kf6 {[%emt 0:00:02]} 42. Re3 {[%emt 0:00:02]} Kf5 {[%emt 0:00:05]} 43. Ke2 {[%emt 0:00:02]} Rb2+ {[%emt 0:00:04]} 44. Kd1 {[%emt 0:00:04]} Kg4 {[%emt 0:00:01]} 45. Kc1 {[%emt 0:00:03]} Ra2 {[%emt 0:00:04]} 46. b4 {[%emt 0:00:01]} Ra6 {[%emt 0:00:03]} 47. b5 {[%emt 0:00:01]} Rb6 {[%emt 0:00:01]} 48. Rb3 {[%emt 0:00:01]} f5 {[%emt 0:00:03]} 49. Kb2 {[%emt 0:00:02]} Rxb5 {[%emt 0:00:01]} 50. Rxb5 {[%emt 0:00:02]} Kxg3 {[%emt 0:00:00]} 51. Rb6 {[%emt 0:00:01]} Kxf4 {[%emt 0:00:01]} 52. Rxg6 {[%emt 0:00:01]} Kf3 {[%emt 0:00:00]} 53. Rg5 {[%emt 0:00:01]} f4 {[%emt 0:00:00]} 54. Rxh5 {[%emt 0:00:01]} Kg4 {[%emt 0:00:01]} 55. Rh8 {[%emt 0:00:04]} f3 {[%emt 0:00:00]} 56. Kc2 {[%emt 0:00:01]} f2 {[%emt 0:00:03]} 57. Rf8 {[%emt 0:00:02] Sackbauer gibt auf (Lag: Av=0.63s, max=0.9s)} 1-0

[Event "AUT-ch Internet"]
[Site "Wilhelm-Steinitz-Stadion"]
[Date "2020.10.04"]
[Round "9"]
[White "Shengel"]
[Black "Febloh"]
[Result "1/2-1/2"]
[WhiteElo "2349"]
[BlackElo "2317"]
[PlyCount "71"]
[EventDate "2020.10.04"]
[EventType "blitz"]

1. d4 {[%emt 0:00:06]} Nf6 {[%emt 0:00:01]} 2. Bg5 {[%emt 0:00:02]} e6 {[%emt 0:00:02]} 3. Nd2 {[%emt 0:00:01]} h6 {[%emt 0:00:04]} 4. Bh4 {[%emt 0:00:02]} d5 {[%emt 0:00:03]} 5. e3 {[%emt 0:00:01]} c5 {[%emt 0:00:03]} 6. c3 {[%emt 0:00:01]} Nbd7 {[%emt 0:00:02]} 7. f4 {[%emt 0:00:06]} Be7 {[%emt 0:00:23]} 8. Ngf3 {[%emt 0:00:02]} g5 {[%emt 0:00:02]} 9. fxg5 {[%emt 0:00:03]} Ne4 {[%emt 0:00:01]} 10. Nxe4 {[%emt 0:00:09]} dxe4 {[%emt 0:00:02]} 11. Nd2 {[%emt 0:00:04]} hxg5 {[%emt 0:00:01]} 12. Bg3 {[%emt 0:00:04]} cxd4 {[%emt 0:00:07]} 13. cxd4 {[%emt 0:00:02]} Nf6 {[%emt 0:00:15]} 14. Be2 {[%emt 0:00:08]} Nd5 {[%emt 0:00:05]} 15. Qb3 {[%emt 0:00:03]} Qb6 {[%emt 0:00:30]} 16. Nxe4 {[%emt 0:01:01]} Qxb3 {[%emt 0:00:01]} 17. axb3 {[%emt 0:00:01]} Nxe3 {[%emt 0:00:02]} 18. Kd2 {[%emt 0:00:01]} Nd5 {[%emt 0:00:05]} 19. Rhf1 {[%emt 0:00:10]} Bd7 {[%emt 0:00:21]} 20. Nc3 {[%emt 0:00:03]} Nf4 {[%emt 0:00:18]} 21. Bf3 {[%emt 0:00:04]} Bc6 {[%emt 0:00:01]} 22. Bxc6+ {[%emt 0:00:02]} bxc6 {[%emt 0:00:01]} 23. Bxf4 {[%emt 0:00:08]} gxf4 {[%emt 0:00:01]} 24. h3 {[%emt 0:00:00]} Rg8 {[%emt 0:00:08]} 25. Rf2 {[%emt 0:00:02]} Rd8 {[%emt 0:00:19]} 26. Kd3 {[%emt 0:00:12]} c5 {[%emt 0:00:12]} 27. d5 {[%emt 0:00:02]} exd5 {[%emt 0:00:13]} 28. Rxa7 {[%emt 0:00:03]} Kf8 {[%emt 0:00:05]} 29. Ne2 {[%emt 0:00:14]} c4+ {[%emt 0:00:03]} 30. Kd4 {[%emt 0:00:09]} Bf6+ {[%emt 0:00:19]} 31. Kc5 {[%emt 0:00:02]} cxb3 {[%emt 0:00:04]} 32. Nxf4 {[%emt 0:00:02]} Be7+ {[%emt 0:00:03]} 33. Kd4 {[%emt 0:00:02]} Bf6+ {[%emt 0:00:01]} 34. Kc5 {[%emt 0:00:01]} Be7+ {[%emt 0:00:01]} 35. Kd4 {[%emt 0:00:01]} Bf6+ {[%emt 0:00:01]} 36. Kc5 {[%emt 0:00:01] (Lag: Av=0.73s, max=1.5s)} 1/2-1/2

[Event "AUT-ch Internet"]
[Site "Wilhelm-Steinitz-Stadion"]
[Date "2020.10.04"]
[Round "9"]
[White "Pjotr2402"]
[Black "Lukas Breneis"]
[Result "0-1"]
[WhiteElo "2347"]
[BlackElo "2128"]
[Annotator "NA"]
[PlyCount "54"]
[EventDate "2020.10.04"]
[EventType "blitz"]

1. e4 {[%emt 0:00:01]} c5 {[%emt 0:00:02]} 2. Nf3 {[%emt 0:00:01]} e6 {[%emt 0:00:01]} 3. c4 {[%emt 0:00:06]} b6 {[%emt 0:00:02]} 4. d4 {[%emt 0:00:02]} cxd4 {[%emt 0:00:07]} 5. Nxd4 {[%emt 0:00:00]} Bb7 {[%emt 0:00:04]} 6. Nc3 {[%emt 0:00:01]} a6 {[%emt 0:00:14]} 7. Be2 {[%emt 0:00:07]} Nc6 {[%emt 0:00:01]} 8. Be3 {[%emt 0:00:09]} Nf6 {[%emt 0:00:08]} 9. Nxc6 {[%emt 0:00:09]} Bxc6 {[%emt 0:00:00]} 10. e5 {[%emt 0:00:05]} Ng8 {[%emt 0:00:02]} 11. O-O {[%emt 0:00:05]} Bb4 {[%emt 0:00:09]} 12. Rc1 {[%emt 0:00:16]} Ne7 {[%emt 0:00:05]} 13. a3 {[%emt 0:00:01]} Bxc3 {[%emt 0:00:02]} 14. Rxc3 {[%emt 0:00:02]} Nf5 {[%emt 0:00:05]} 15. Bg4 {[%emt 0:00:12]} Nxe3 {[%emt 0:00:16]} 16. Rxe3 {[%emt 0:00:00]} Qc7 {[%emt 0:00:09]} 17. Qd4 {[%emt 0:00:07]} h5 {[%emt 0:00:35]} 18. Be2 {[%emt 0:00:07]} Rh6 {[%emt 0:00:07]} 19. b4 {[%emt 0:00:09]} Kf8 {[%emt 0:00:13]} 20. f4 {[%emt 0:00:05]} Kg8 {[%emt 0:00:10]} 21. f5 {[%emt 0:00:07]} exf5 {[%emt 0:00:02]} 22. Rxf5 {[%emt 0:00:02]} Re8 {[%emt 0:00:15]} 23. Rxh5 {[%emt 0:00:23]} Ree6 {[%emt 0:00:01]} 24. Rxh6 {[%emt 0:00:12]} Rxh6 {[%emt 0:00:00]} 25. Bd3 {[%emt 0:00:06]} b5 {[%emt 0:00:09]} 26. c5 {[%emt 0:00:02]} a5 {[%emt 0:00:10]} 27. Qd5 {[%emt 0:00:09]} Bxd5 {[%emt 0:00:13] Pjotr2402 gibt auf (Lag: Av=1.03s, max=2.1s)} 0-1

[Event "AUT-ch Internet"]
[Site "Wilhelm-Steinitz-Stadion"]
[Date "2020.10.04"]
[Round "9"]
[White "DoHoChess"]
[Black "En#passant"]
[Result "1-0"]
[WhiteElo "2285"]
[BlackElo "2269"]
[PlyCount "105"]
[EventDate "2020.10.04"]
[EventType "blitz"]

1. d4 {[%emt 0:00:04]} d5 {[%emt 0:00:01]} 2. c4 {[%emt 0:00:00]} dxc4 {[%emt 0:00:01]} 3. Nf3 {[%emt 0:00:01]} Nf6 {[%emt 0:00:01]} 4. e3 {[%emt 0:00:00]} Be6 {[%emt 0:00:01]} 5. Nc3 {[%emt 0:00:00]} h6 {[%emt 0:00:07]} 6. Ne5 {[%emt 0:00:01]} c6 {[%emt 0:00:04]} 7. Bxc4 {[%emt 0:00:04]} Bxc4 {[%emt 0:00:02]} 8. Nxc4 {[%emt 0:00:00]} e6 {[%emt 0:00:04]} 9. O-O {[%emt 0:00:01]} Be7 {[%emt 0:00:01]} 10. e4 {[%emt 0:00:02]} O-O {[%emt 0:00:02]} 11. Bf4 {[%emt 0:00:03]} Nbd7 {[%emt 0:00:11]} 12. Qd2 {[%emt 0:00:01]} Nb6 {[%emt 0:00:02]} 13. Ne5 {[%emt 0:00:07]} Nfd7 {[%emt 0:00:02]} 14. Nf3 {[%emt 0:00:09]} Re8 {[%emt 0:00:09]} 15. Rad1 {[%emt 0:00:01]} Nf8 {[%emt 0:00:02]} 16. Ne5 {[%emt 0:00:07]} Nbd7 {[%emt 0:00:04]} 17. Nf3 {[%emt 0:00:03]} Ng6 {[%emt 0:00:01]} 18. Bg3 {[%emt 0:00:01]} Bf6 {[%emt 0:00:12]} 19. Rfe1 {[%emt 0:00:04]} Nb6 {[%emt 0:00:04]} 20. h3 {[%emt 0:00:06]} Nh4 {[%emt 0:00:25]} 21. Ne5 {[%emt 0:00:12]} Bxe5 {[%emt 0:00:32]} 22. dxe5 {[%emt 0:00:10]} Qxd2 {[%emt 0:00:03]} 23. Rxd2 {[%emt 0:00:02]} Ng6 {[%emt 0:00:00]} 24. b3 {[%emt 0:00:09]} Red8 {[%emt 0:00:16]} 25. Red1 {[%emt 0:00:01]} Rxd2 {[%emt 0:00:01]} 26. Rxd2 {[%emt 0:00:00]} Kf8 {[%emt 0:00:03]} 27. f4 {[%emt 0:00:01]} Ke8 {[%emt 0:00:05]} 28. f5 {[%emt 0:00:25]} Nf8 {[%emt 0:00:06]} 29. Kf2 {[%emt 0:00:36]} Rd8 {[%emt 0:00:03]} 30. Rd6 {[%emt 0:00:03]} Nc8 {[%emt 0:00:05]} 31. Rxd8+ {[%emt 0:00:01]} Kxd8 {[%emt 0:00:00]} 32. Ke3 {[%emt 0:00:03]} Kd7 {[%emt 0:00:08]} 33. Bf2 {[%emt 0:00:04]} b6 {[%emt 0:00:02]} 34. g4 {[%emt 0:00:04]} c5 {[%emt 0:00:05]} 35. h4 {[%emt 0:00:02]} Kc6 {[%emt 0:00:21]} 36. Kf4 {[%emt 0:00:01]} Ne7 {[%emt 0:00:08]} 37. g5 {[%emt 0:00:04]} hxg5+ {[%emt 0:00:12]} 38. Kxg5 {[%emt 0:00:02]} Nh7+ {[%emt 0:00:08]} 39. Kf4 {[%emt 0:00:04]} exf5 {[%emt 0:00:04]} 40. exf5 {[%emt 0:00:01]} Nd5+ {[%emt 0:00:00]} 41. Nxd5 {[%emt 0:00:02]} Kxd5 {[%emt 0:00:00]} 42. h5 {[%emt 0:00:06]} b5 {[%emt 0:00:05]} 43. Be1 {[%emt 0:00:11]} a6 {[%emt 0:00:14]} 44. Bc3 {[%emt 0:00:01]} b4 {[%emt 0:00:02]} 45. Ba1 {[%emt 0:00:02]} a5 {[%emt 0:00:01]} 46. e6 {[%emt 0:00:25]} fxe6 {[%emt 0:00:01]} 47. fxe6 {[%emt 0:00:00]} Kxe6 {[%emt 0:00:01]} 48. Bxg7 {[%emt 0:00:00]} Kd5 {[%emt 0:00:02]} 49. Kf5 {[%emt 0:00:02]} c4 {[%emt 0:00:07]} 50. bxc4+ {[%emt 0:00:01]} Kxc4 {[%emt 0:00:00]} 51. Kg6 {[%emt 0:00:01]} b3 {[%emt 0:00:01]} 52. axb3+ {[%emt 0:00:01]} Kxb3 {[%emt 0:00:00]} 53. Kxh7 {[%emt 0:00:01] (Lag: Av=0.41s, max=0.7s)} 1-0

[Event "AUT-ch Internet"]
[Site "Wilhelm-Steinitz-Stadion"]
[Date "2020.10.04"]
[Round "9"]
[White "Valentin Dragnev"]
[Black "Tannika"]
[Result "1-0"]
[WhiteElo "2270"]
[BlackElo "2147"]
[PlyCount "67"]
[EventDate "2020.10.04"]
[EventType "blitz"]

1. d4 {[%emt 0:00:02]} d5 {[%emt 0:00:01]} 2. c4 {[%emt 0:00:01]} e6 {[%emt 0:00:01]} 3. Nf3 {[%emt 0:00:01]} Nf6 {[%emt 0:00:01]} 4. Bg5 {[%emt 0:00:04]} Be7 {[%emt 0:00:02]} 5. e3 {[%emt 0:00:05]} O-O {[%emt 0:00:02]} 6. Nbd2 {[%emt 0:00:04]} c6 {[%emt 0:00:04]} 7. Bd3 {[%emt 0:00:02]} h6 {[%emt 0:00:10]} 8. Bh4 {[%emt 0:00:05]} Nbd7 {[%emt 0:00:09]} 9. O-O {[%emt 0:00:01]} Re8 {[%emt 0:00:02]} 10. h3 {[%emt 0:00:07]} a6 {[%emt 0:00:03]} 11. Bg3 {[%emt 0:00:03]} dxc4 {[%emt 0:00:09]} 12. Nxc4 {[%emt 0:00:02]} b5 {[%emt 0:00:01]} 13. Nd6 {[%emt 0:00:07]} Rf8 {[%emt 0:00:14]} 14. Rc1 {[%emt 0:00:06]} Qb6 {[%emt 0:00:13]} 15. Qc2 {[%emt 0:00:10]} Nb8 {[%emt 0:00:27]} 16. e4 {[%emt 0:00:24]} Rd8 {[%emt 0:00:05]} 17. Nxc8 {[%emt 0:00:05]} Rxc8 {[%emt 0:00:02]} 18. Qe2 {[%emt 0:00:19]} Nbd7 {[%emt 0:00:32]} 19. Rfd1 {[%emt 0:00:07]} c5 {[%emt 0:00:03]} 20. d5 {[%emt 0:00:10]} exd5 {[%emt 0:00:10]} 21. exd5 {[%emt 0:00:13]} Bd6 {[%emt 0:00:03]} 22. Bxd6 {[%emt 0:00:12]} Qxd6 {[%emt 0:00:00]} 23. Nh4 {[%emt 0:00:01]} Re8 {[%emt 0:00:19]} 24. Qc2 {[%emt 0:00:27]} Qf4 {[%emt 0:00:16]} 25. Nf3 {[%emt 0:00:09]} Kh8 {[%emt 0:00:15]} 26. Bf1 {[%emt 0:00:07]} Rad8 {[%emt 0:00:14]} 27. Rd2 {[%emt 0:00:03]} Ne4 {[%emt 0:00:04]} 28. Rdd1 {[%emt 0:00:08]} Ndf6 {[%emt 0:00:04]} 29. a4 {[%emt 0:00:06]} Rxd5 {[%emt 0:00:07]} 30. axb5 {[%emt 0:00:03]} axb5 {[%emt 0:00:03]} 31. Bxb5 {[%emt 0:00:01]} Red8 {[%emt 0:00:02]} 32. Rxd5 {[%emt 0:00:02]} Nxd5 {[%emt 0:00:03]} 33. Re1 {[%emt 0:00:06]} Nef6 {[%emt 0:00:06]} 34. Qxc5 {[%emt 0:00:05] Zeit (Lag: Av=1.04s, max=1.4s)} 1-0

[Event "AUT-ch Internet"]
[Site "Wilhelm-Steinitz-Stadion"]
[Date "2020.10.04"]
[Round "9"]
[White "Konstantin Peyrer"]
[Black "S Baumegger"]
[Result "1/2-1/2"]
[WhiteElo "2250"]
[BlackElo "2195"]
[PlyCount "98"]
[EventDate "2020.10.04"]
[EventType "blitz"]

{Peyrer, Konstantin} 1. e4 {[%emt 0:00:05]} e6 {[%emt 0:00:06]} 2. d4 {[%emt 0:00:06]} d5 {[%emt 0:00:01]} 3. Nc3 {[%emt 0:00:01]} Bb4 {[%emt 0:00:03]} 4. e5 {[%emt 0:00:03]} b6 {[%emt 0:00:01]} 5. Qg4 {[%emt 0:00:03]} Bf8 {[%emt 0:00:02]} 6. Nf3 {[%emt 0:00:04]} Ne7 {[%emt 0:00:02]} 7. h4 {[%emt 0:00:02]} h6 {[%emt 0:00:07]} 8. Bd3 {[%emt 0:00:06]} Ba6 {[%emt 0:00:02]} 9. Bxa6 {[%emt 0:00:04]} Nxa6 {[%emt 0:00:02]} 10. Ne2 {[%emt 0:00:01]} Nb4 {[%emt 0:00:12]} 11. Kd1 {[%emt 0:00:03]} c5 {[%emt 0:00:07]} 12. c3 {[%emt 0:00:07]} Nd3 {[%emt 0:00:05]} 13. Rf1 {[%emt 0:00:18]} Nf5 {[%emt 0:00:12]} 14. Kc2 {[%emt 0:00:15]} c4 {[%emt 0:00:05]} 15. Nf4 {[%emt 0:00:01]} Nxf4 {[%emt 0:00:02]} 16. Bxf4 {[%emt 0:00:03]} b5 {[%emt 0:00:02]} 17. Qh3 {[%emt 0:00:02]} Ne7 {[%emt 0:00:09]} 18. a3 {[%emt 0:00:02]} a5 {[%emt 0:00:04]} 19. g4 {[%emt 0:00:08]} Nc6 {[%emt 0:00:04]} 20. g5 {[%emt 0:00:06]} hxg5 {[%emt 0:00:07]} 21. Bxg5 {[%emt 0:00:02]} Qb8 {[%emt 0:00:12]} 22. Qh1 {[%emt 0:00:14]} b4 {[%emt 0:00:07]} 23. axb4 {[%emt 0:00:02]} axb4 {[%emt 0:00:01]} 24. Rxa8 {[%emt 0:00:01]} Qxa8 {[%emt 0:00:01]} 25. Ra1 {[%emt 0:00:00]} Qb7 {[%emt 0:00:02]} 26. Nd2 {[%emt 0:00:02]} Be7 {[%emt 0:00:30]} 27. Bxe7 {[%emt 0:00:10]} Nxe7 {[%emt 0:00:02]} 28. Ra4 {[%emt 0:00:02]} bxc3 {[%emt 0:00:13]} 29. bxc3 {[%emt 0:00:02]} O-O {[%emt 0:00:03]} 30. h5 {[%emt 0:00:09]} Nf5 {[%emt 0:00:05]} 31. Qa1 {[%emt 0:00:11]} Qe7 {[%emt 0:00:09]} 32. Nf3 {[%emt 0:00:07]} Qb7 {[%emt 0:00:05]} 33. Rb4 {[%emt 0:00:05]} Qa8 {[%emt 0:00:32]} 34. Qxa8 {[%emt 0:00:14]} Rxa8 {[%emt 0:00:02]} 35. Kb2 {[%emt 0:00:01]} Rf8 {[%emt 0:00:14]} 36. Rb7 {[%emt 0:00:09]} Nh6 {[%emt 0:00:06]} 37. Ng5 {[%emt 0:00:14]} Ng4 {[%emt 0:00:07]} 38. f3 {[%emt 0:00:02]} Nh6 {[%emt 0:00:01]} 39. Ka3 {[%emt 0:00:09]} Nf5 {[%emt 0:00:02]} 40. Kb4 {[%emt 0:00:09]} Ne3 {[%emt 0:00:01]} 41. Kc5 {[%emt 0:00:06]} Nd1 {[%emt 0:00:03]} 42. Kb4 {[%emt 0:00:01]} Nf2 {[%emt 0:00:04]} 43. Kc5 {[%emt 0:00:02]} Nd3+ {[%emt 0:00:03]} 44. Kd6 {[%emt 0:00:01]} Nf4 {[%emt 0:00:01]} 45. Ke7 {[%emt 0:00:09]} Nxh5 {[%emt 0:00:01]} 46. Nh7 {[%emt 0:00:02]} Ra8 {[%emt 0:00:01]} 47. Ng5 {[%emt 0:00:02]} Rf8 {[%emt 0:00:02]} 48. Nh7 {[%emt 0:00:03]} Ra8 {[%emt 0:00:04]} 49. Ng5 {[%emt 0:00:01]} Rf8 {[%emt 0:00:01] (Lag: Av=0.81s, max=1.4s)} 1/2-1/2